<?xml version="1.0" encoding="UTF-8"?>
<record
    xmlns:xsi="http://www.w3.org/2001/XMLSchema-instance"
    xsi:schemaLocation="http://www.loc.gov/MARC21/slim http://www.loc.gov/standards/marcxml/schema/MARC21slim.xsd"
    xmlns="http://www.loc.gov/MARC21/slim">

  <leader>01059cam a22002415a 4500</leader>
  <controlfield tag="003">OSt</controlfield>
  <controlfield tag="005">20201124141855.0</controlfield>
  <controlfield tag="008">090715s1993    ua ||||fr|||| 001 0 ara d</controlfield>
  <datafield tag="040" ind1=" " ind2=" ">
    <subfield code="a">EG-ScBUE</subfield>
    <subfield code="b">ara</subfield>
    <subfield code="c">EG-ScBUE</subfield>
  </datafield>
  <datafield tag="082" ind1="0" ind2="4">
    <subfield code="a">297.272</subfield>
    <subfield code="b">&#x639; &#x628; &#x62F;</subfield>
    <subfield code="2">22</subfield>
  </datafield>
  <datafield tag="245" ind1="1" ind2="2">
    <subfield code="a">/ &#x627;&#x644;&#x623;&#x639;&#x645;&#x627;&#x644; &#x627;&#x644;&#x643;&#x627;&#x645;&#x644;&#x629; &#x644;&#x644;&#x625;&#x645;&#x627;&#x645;  &#x627;&#x644;&#x634;&#x64A;&#x62E;  &#x645;&#x62D;&#x645;&#x62F; &#x639;&#x628;&#x62F;&#x647;</subfield>
    <subfield code="c"> &#x62A;&#x62D;&#x642;&#x64A;&#x642; &#x648;&#x62A;&#x642;&#x62F;&#x64A;&#x645; &#x645;&#x62D;&#x645;&#x62F; &#x639;&#x645;&#x627;&#x631;&#x629;</subfield>
  </datafield>
  <datafield tag="260" ind1=" " ind2=" ">
    <subfield code="a">&#x627;&#x644;&#x642;&#x627;&#x647;&#x631;&#x629;:</subfield>
    <subfield code="b">&#x62F;&#x627;&#x631; &#x627;&#x644;&#x634;&#x631;&#x648;&#x642; &#x60C;</subfield>
    <subfield code="c">1993.</subfield>
  </datafield>
  <datafield tag="300" ind1=" " ind2=" ">
    <subfield code="a">5 &#x645;&#x62C; :</subfield>
    <subfield code="c">24 &#x633;&#x645;</subfield>
  </datafield>
  <datafield tag="500" ind1=" " ind2=" ">
    <subfield code="a">&#x64A;&#x634;&#x62A;&#x645;&#x644; &#x639;&#x644;&#x649; &#x643;&#x634;&#x627;&#x641;.</subfield>
  </datafield>
  <datafield tag="505" ind1="0" ind2="0">
    <subfield code="a">&#x645;&#x62C; .1 &#x62A;&#x641;&#x633;&#x64A;&#x631; &#x627;&#x644;&#x642;&#x631;&#x623;&#x646; -- &#x645;&#x62C;.2 &#x627;&#x644;&#x643;&#x62A;&#x627;&#x628;&#x627;&#x62A; &#x627;&#x644;&#x627;&#x62C;&#x62A;&#x645;&#x627;&#x639;&#x64A;&#x629; --&#x645;&#x62C;.3 &#x627;&#x644;&#x627;&#x635;&#x644;&#x627;&#x62D; &#x627;&#x644;&#x641;&#x643;&#x631;&#x649; &#x648;&#x627;&#x644;&#x62A;&#x631;&#x628;&#x648;&#x649;  &#x648; &#x627;&#x644;&#x625;&#x644;&#x647;&#x64A;&#x627;&#x62A; --&#x645;&#x62C;.4&#x62A;&#x641;&#x633;&#x64A;&#x631; &#x627;&#x644;&#x642;&#x631;&#x623;&#x646; -- &#x645;&#x62C;.5 &#x62A;&#x641;&#x633;&#x64A;&#x631; &#x627;&#x644;&#x642;&#x631;&#x627;&#x646;</subfield>
  </datafield>
  <datafield tag="590" ind1=" " ind2=" ">
    <subfield code="a">doaa mohamed</subfield>
  </datafield>
  <datafield tag="650" ind1=" " ind2=" ">
    <subfield code="9">20615</subfield>
    <subfield code="a">&#x627;&#x644;&#x625;&#x635;&#x644;&#x627;&#x62D; &#x627;&#x644;&#x625;&#x62C;&#x62A;&#x645;&#x627;&#x639;&#x64A;</subfield>
    <subfield code="2">BUEsh</subfield>
  </datafield>
  <datafield tag="650" ind1=" " ind2=" ">
    <subfield code="9">16807</subfield>
    <subfield code="a">&#x627;&#x644;&#x625;&#x633;&#x644;&#x627;&#x645; &#x648;&#x627;&#x644;&#x625;&#x635;&#x644;&#x627;&#x62D; &#x627;&#x644;&#x62F;&#x64A;&#x646;&#x649;</subfield>
    <subfield code="2">BUEsh</subfield>
  </datafield>
  <datafield tag="651" ind1=" " ind2=" ">
    <subfield code="2">BUEsh</subfield>
  </datafield>
  <datafield tag="653" ind1=" " ind2=" ">
    <subfield code="b">ARALIT</subfield>
    <subfield code="c">August2015</subfield>
  </datafield>
  <datafield tag="700" ind1="0" ind2=" ">
    <subfield code="a">&#x639;&#x645;&#x627;&#x631;&#x629; &#x60C; &#x645;&#x62D;&#x645;&#x62F;</subfield>
    <subfield code="9">8044</subfield>
  </datafield>
  <datafield tag="942" ind1=" " ind2=" ">
    <subfield code="2">ddc</subfield>
    <subfield code="c">BB</subfield>
    <subfield code="k">297.272 &#x639; &#x628; &#x62F;</subfield>
  </datafield>
  <datafield tag="999" ind1=" " ind2=" ">
    <subfield code="c">12361</subfield>
    <subfield code="d">12361</subfield>
  </datafield>
  <datafield tag="952" ind1=" " ind2=" ">
    <subfield code="0">0</subfield>
    <subfield code="1">0</subfield>
    <subfield code="2">ddc</subfield>
    <subfield code="4">0</subfield>
    <subfield code="7">0</subfield>
    <subfield code="8"> </subfield>
    <subfield code="a">MAIN</subfield>
    <subfield code="b">MAIN</subfield>
    <subfield code="c">LOW</subfield>
    <subfield code="d">2009-07-15</subfield>
    <subfield code="e">purchase</subfield>
    <subfield code="o">297.272  &#x639; &#x628; &#x62F;</subfield>
    <subfield code="p">000017522</subfield>
    <subfield code="r">2025-07-15 00:00:00</subfield>
    <subfield code="y">BB</subfield>
    <subfield code="z">&#x645;&#x62C; 1</subfield>
  </datafield>
  <datafield tag="952" ind1=" " ind2=" ">
    <subfield code="0">0</subfield>
    <subfield code="1">0</subfield>
    <subfield code="2">ddc</subfield>
    <subfield code="4">0</subfield>
    <subfield code="7">0</subfield>
    <subfield code="8"> </subfield>
    <subfield code="a">MAIN</subfield>
    <subfield code="b">MAIN</subfield>
    <subfield code="c">LOW</subfield>
    <subfield code="d">2009-07-15</subfield>
    <subfield code="e">purchase</subfield>
    <subfield code="o">297.272  &#x639; &#x628; &#x62F;</subfield>
    <subfield code="p">000017523</subfield>
    <subfield code="r">2025-07-15 00:00:00</subfield>
    <subfield code="y">BB</subfield>
    <subfield code="z">&#x645;&#x62C; 2</subfield>
  </datafield>
  <datafield tag="952" ind1=" " ind2=" ">
    <subfield code="0">0</subfield>
    <subfield code="1">0</subfield>
    <subfield code="2">ddc</subfield>
    <subfield code="4">0</subfield>
    <subfield code="7">0</subfield>
    <subfield code="8"> </subfield>
    <subfield code="a">MAIN</subfield>
    <subfield code="b">MAIN</subfield>
    <subfield code="c">LOW</subfield>
    <subfield code="d">2009-07-15</subfield>
    <subfield code="e">purchase</subfield>
    <subfield code="o">297.272  &#x639; &#x628; &#x62F;</subfield>
    <subfield code="p">000017524</subfield>
    <subfield code="r">2025-07-15 00:00:00</subfield>
    <subfield code="y">BB</subfield>
    <subfield code="z">&#x645;&#x62C; 3</subfield>
  </datafield>
  <datafield tag="952" ind1=" " ind2=" ">
    <subfield code="0">0</subfield>
    <subfield code="1">0</subfield>
    <subfield code="2">ddc</subfield>
    <subfield code="4">0</subfield>
    <subfield code="7">0</subfield>
    <subfield code="8"> </subfield>
    <subfield code="a">MAIN</subfield>
    <subfield code="b">MAIN</subfield>
    <subfield code="c">LOW</subfield>
    <subfield code="d">2009-07-15</subfield>
    <subfield code="e">purchase</subfield>
    <subfield code="o">297.272  &#x639; &#x628; &#x62F;</subfield>
    <subfield code="p">000017525</subfield>
    <subfield code="r">2025-07-15 00:00:00</subfield>
    <subfield code="y">BB</subfield>
    <subfield code="z">&#x645;&#x62C; 4</subfield>
  </datafield>
  <datafield tag="952" ind1=" " ind2=" ">
    <subfield code="0">0</subfield>
    <subfield code="1">0</subfield>
    <subfield code="2">ddc</subfield>
    <subfield code="4">0</subfield>
    <subfield code="7">0</subfield>
    <subfield code="8"> </subfield>
    <subfield code="a">MAIN</subfield>
    <subfield code="b">MAIN</subfield>
    <subfield code="c">LOW</subfield>
    <subfield code="d">2009-07-15</subfield>
    <subfield code="e">purchase</subfield>
    <subfield code="o">297.272  &#x639; &#x628; &#x62F;</subfield>
    <subfield code="p">000017526</subfield>
    <subfield code="r">2025-07-15 00:00:00</subfield>
    <subfield code="y">BB</subfield>
    <subfield code="z">&#x645;&#x62C; 5</subfield>
  </datafield>
</record>
